Swedish cities in Skåne - Statistics

General Stats
  • This quiz has been taken 58 times
    13 since last reset
  • The average score is 39 of 213
Answer Stats
Hint Answer % Correct
18,592 Eslöv
100%
104,250 Helsingborg
100%
39,762 Kristianstad
100%
87,244 Lund
100%
301,706 Malmö
100%
18,806 Ystad
100%
23,240 Ängelholm
91%
5,146 Båstad
91%
14,889 Höllviken
82%
12,152 Höör
82%
7,459 Hörby
82%
6,779 Simrishamn
82%
29,316 Trelleborg
82%
32,229 Landskrona
73%
8,040 Skurup
73%
15,573 Staffanstorp
73%
6,826 Tomelilla
73%
9,840 Åhus
64%
19,309 Hässleholm
64%
4,744 Hjärup
64%
12,368 Lomma
64%
5,193 Örkelljunga
64%
7,554 Osby
64%
12,665 Oxie
64%
6,496 Vellinge
64%
9,108 Arlöv
55%
10,602 Bjuv
55%
7,854 Bromölla
55%
2,093 Glumslöv
55%
14,778 Höganäs
55%
6,306 Södra sandby
55%
6,302 Dalby
45%
9,320 Kävlinge
45%
8,411 Klippan
45%
7,910 Sjöbo
45%
3,743 Bara
36%
9,844 Bjärred
36%
13,048 Bunkeflostrand
36%
895 Kivik
36%
3,148 Munka-ljungby
36%
5,847 Perstorp
36%
5,904 Rydebäck
36%
11,796 Svedala
36%
4,850 Veberöd
36%
327 Vik
36%
757 Abbekås
27%
5,969 Åkarp
27%
9,215 Åstorp
27%
3,104 Broby
27%
780 Harlösa
27%
6,481 Löddeköpinge
27%
634 Mölle
27%
1,740 Östra ljungby
27%
1,808 Sösdala
27%
3,852 Svalöv
27%
1,078 Torekov
27%
3,420 Tygelsjö
27%
4,489 Viken
27%
3,989 Vinslöv
27%
975 Borrby
18%
3,292 Ekeby
18%
2,962 Genarp
18%
3,814 Hofterup
18%
1,940 Klågerup
18%
3,144 Knislinge
18%
666 Sankt olof
18%
1,258 Skivarp
18%
1,943 Stångby
18%
1,191 Stehag
18%
3,404 Tollarp
18%
4,712 Tyringe
18%
1,963 Anderslöv
9%
713 Arild
9%
1,563 Asmundtorp
9%
1,050 Billeberga
9%
2,755 Bjärnum
9%
1,452 Blentarp
9%
625 Domsten
9%
412 Eket
9%
268 Emmaljunga
9%
616 Finja
9%
1,832 Fjälkinge
9%
231 Flädie
9%
2,386 Förslöv
9%
1,322 Gantofta
9%
926 Gärds köpinge
9%
1,466 Glimåkra
9%
3,134 Häljarp
9%
3,311 Hammar
9%
1,693 Hästveda
9%
4,545 Hittarp
9%
1,095 Hjärnarp
9%
206 Hörja
9%
376 Hurva
9%
1,972 Jonstorp
9%
596 Killeberg
9%
1,254 Köpingebro
9%
1,823 Kvidinge
9%
1,251 Löberöd
9%
614 Löderup
9%
1,986 Lönsboda
9%
1,604 Marieholm
9%
1,935 Mörarp
9%
1,392 Önnestad
9%
283 Örtofta
9%
223 Össjö
9%
460 Österslöv
9%
2,932 Påarp
9%
874 Röstånga
9%
372 Smedstorp
9%
208 Snogeröd
9%
1,207 Strövelstorp
9%
921 Svarte
9%
1,703 Teckomatorp
9%
829 Tjörnarp
9%
412 Vallkärra
9%
374 Vankiva
9%
210 Västra torup
9%
1,787 Vittsjö
9%
813 Vollsjö
9%
722 Allerum
0%
369 Alstad
0%
442 Anelöv
0%
815 Arkelstorp
0%
212 Arrie
0%
239 Äsperöd
0%
328 Ballingslöv
0%
455 Balsby
0%
689 Barsebäck
0%
477 Barsebäckshamn
0%
297 Baskemölla
0%
2,794 Billesholm
0%
351 Bjärsjölagård
0%
380 Brantevik
0%
719 Brösarp
0%
1,328 Degeberga
0%
866 Dösjebro
0%
953 Everöd
0%
312 Farhult
0%
1,016 Fårlöv
0%
206 Fleninge
0%
992 Flyinge
0%
4,359 Furulund
0%
366 Gårdstånga
0%
1,094 Gärsnäs
0%
539 Gessie villastad
0%
937 Grevie
0%
516 Gualöv
0%
587 Hammarslund
0%
879 Hammenhög
0%
1,385 Hanaskog
0%
395 Harslov
0%
273 Hedeskoga
0%
1,164 Hököpinge
0%
254 Huaröd
0%
2,287 Hyllinge
0%
739 Idala
0%
250 Ingelsträde
0%
1,516 Kågeröd
0%
548 Klagstorp
0%
301 Klippans bruk
0%
202 Krika
0%
365 Kungshult
0%
560 Kurland
0%
240 Kvärlöv
0%
391 Lilla harrie
0%
468 Linderöd
0%
2,127 Ljungbyhed
0%
743 Ludvigsborg
0%
340 Lunnarp
0%
255 Margretetorp
0%
322 Mjöhult
0%
1,307 Näsum
0%
1,248 Norra åsum
0%
210 Norra rörum
0%
5,231 Ödåkra
0%
524 Onslunda
0%
298 Osbyholm
0%
758 Östra grevie
0%
789 Östra karup
0%
265 Östra sönnarslöv
0%
234 Östra vemmerlöv
0%
768 Rinkaby
0%
1,383 Rydsgård
0%
1,160 Sätofta
0%
1,174 Saxtorpsskogen
0%
1,431 Sibbhult
0%
226 Skåne-tranås
0%
1,156 Skegrie
0%
975 Skillinge
0%
1,297 Smygehamn
0%
363 Sövde
0%
373 Sövestad
0%
202 Spjutstorp
0%
730 Stidsvig
0%
729 Stoby
0%
331 Stora herrestad
0%
417 Tågarp
0%
1,043 Tormestorp
0%
238 Utvälinge
0%
1,067 Valje
0%
800 Vallåkra
0%
241 Vånga
0%
824 Västra ingelstad
0%
244 Västra karaby
0%
552 Västra karup
0%
286 Västra tommarp
0%
2,764 Vejbystrand
0%
499 Vinnö
0%
777 Vintrie
0%
351 Vitaby
0%
230 Vittskövle
0%
565 Yngsjö
0%
No matching quizzes found
Score Distribution
Percent of People with Each Score
Percentile by Number Answered
Your Score History
You have not taken this quiz since the last reset